| 000 | 00535nam a2200169 4500 | ||
|---|---|---|---|
| 001 | 121162 | ||
| 003 | ES-MaACL | ||
| 005 | 20230906191712.0 | ||
| 007 | t| | ||
| 008 | 070214s1969 sp r ||||1| spa d | ||
| 100 | 1 |
_aPreston, T. R. _993798 |
|
| 245 | 1 | 0 |
_aCría y alojamientos de terneros / _cT. R. Preston ; traducido por Guillermo Aparicio Sánchez. |
| 260 |
_aZaragoza : _bAcribia, _c1969. |
||
| 300 |
_aVII, 103 p., 7 lám. ; _c20 cm. |
||
| 700 | 1 |
_aAparicio Sánchez, Guillermo. _922077 |
|
| 852 |
_aES-MaACL _jC-51703 _bR.72505 |
||
| 999 |
_c121162 _d121162 |
||